[Event "IIFL Wealth 4th Mumbai GM"]
[Site "Mumbai"]
[Date "2018.12.31"]
[Round "2"]
[White "abzid, Rahman"]
[Black "Bhambure, Shantanu"]
[Result "0-1"]
[WhiteElo "2040"]
[BlackElo "2223"]
[Annotator "NA"]
[PlyCount "35"]
[EventDate "2018.12.30"]
[EventType "swiss"]
[EventCountry "IND"]
[SourceTitle "playchess.com"]
[Source "ChessBase"]
[SourceQuality "1"]
[TimeControl "40/5400+30:1800+30"]

1. d4 {[%emt 0:00:00]} d5 {[%emt 0:00:00]} 2. c4 {[%emt 0:00:06]} e6 {[%emt 0:00:00]} 3. Nf3 {[%emt 0:00:22]} c6 {[%emt 0:00:00]} 4. e3 {[%emt 0:00:16]} Nf6 {[%emt 0:00:16]} 5. Qc2 {[%emt 0:01:34]} Nbd7 {[%emt 0:00:38]} 6. Bd3 {[%emt 0:00:40]} Bd6 {[%emt 0:01:18]} 7. O-O {[%emt 0:00:31]} O-O {[%emt 0:01:06]} 8. b3 {[%emt 0:01:07]} dxc4 {[%emt 0:10:23]} 9. Bxc4 {[%emt 0:03:49]} b5 {[%emt 0:02:01]} 10. Bd3 {[%emt 0:00:40]} Bb7 {[%emt 0:00:33]} 11. a4 {[%emt 0:00:41]} bxa4 {[%emt 0:04:02]} 12. bxa4 {[%emt 0:01:19]} c5 {[%emt 0:00:36]} 13. Ba3 {[%emt 0:01:03]} Qe7 {[%emt 0:11:30]} 14. Nbd2 {[%emt 0:02:40]} cxd4 {[%emt 0:00:56]} 15. Bxd6 {[%emt 0:00:47]} Qxd6 {[%emt 0:00:15]} 16. Nxd4 {[%emt 0:01:33]} Rfc8 {[%emt 0:02:35]} 17. Qb1 Rab8 {[%emt 0:06:38]} 18. Rc1 {[%emt 0:03:29]} 0-1

[Event "IIFL Wealth 4th Mumbai GM"]
[Site "Mumbai"]
[Date "2018.12.31"]
[Round "2"]
[White "Thapa, Krishna"]
[Black "Mehdi Hasan Parag"]
[Result "0-1"]
[WhiteElo "2024"]
[BlackElo "2218"]
[Annotator "NA"]
[PlyCount "92"]
[EventDate "2018.12.30"]
[EventType "swiss"]
[EventCountry "IND"]
[SourceTitle "playchess.com"]
[Source "ChessBase"]
[SourceQuality "1"]
[TimeControl "40/5400+30:1800+30"]

1. d4 {[%emt 0:00:00]} Nf6 {[%emt 0:00:00]} 2. Nf3 {[%emt 0:00:00]} e6 {[%emt 0:00:00]} 3. c4 {[%emt 0:00:00]} d5 {[%emt 0:00:07]} 4. g3 {[%emt 0:00:00]} Be7 {[%emt 0:00:11]} 5. Bg2 {[%emt 0:00:00]} O-O {[%emt 0:00:08]} 6. O-O {[%emt 0:00:01]} dxc4 {[%emt 0:00:09]} 7. Qc2 {[%emt 0:00:14]} b6 {[%emt 0:00:08]} 8. Ne5 {[%emt 0:02:31]} Qxd4 {[%emt 0:00:10]} 9. Bxa8 {[%emt 0:00:06]} Qxe5 {[%emt 0:00:11]} 10. Bf3 {[%emt 0:00:07]} Nd5 {[%emt 0:00:41]} 11. Nc3 {[%emt 0:02:07]} Nc6 {[%emt 0:01:36]} 12. Nxd5 {[%emt 0:01:53]} exd5 {[%emt 0:00:30]} 13. Bf4 {[%emt 0:00:36]} Qe6 {[%emt 0:00:40]} 14. Rad1 {[%emt 0:00:24]} Nb4 {[%emt 0:02:42]} 15. Qb1 {[%emt 0:08:38]} c6 {[%emt 0:03:33]} 16. a3 {[%emt 0:00:25]} Na6 {[%emt 0:02:03]} 17. e4 {[%emt 0:00:59]} Bb7 {[%emt 0:14:35]} 18. Rfe1 {[%emt 0:07:28]} Qd7 {[%emt 0:04:35]} 19. Qc2 {[%emt 0:10:01]} Rd8 {[%emt 0:06:43]} 20. Qe2 {[%emt 0:20:46]} d4 {[%emt 0:13:42]} 21. Qxc4 {[%emt 0:02:04]} c5 {[%emt 0:01:03]} 22. Bg2 {[%emt 0:11:10]} b5 {[%emt 0:02:23]} 23. Qc2 {[%emt 0:01:30]} c4 {[%emt 0:02:13]} 24. Be5 {[%emt 0:05:29]} d3 {[%emt 0:06:34]} 25. Qd2 {[%emt 0:02:17]} Nc5 {[%emt 0:01:37]} 26. h4 {[%emt 0:01:21]} Nb3 {[%emt 0:05:52]} 27. Qf4 {[%emt 0:01:29]} a5 {[%emt 0:00:54]} 28. Kh2 {[%emt 0:02:49]} f6 {[%emt 0:01:46]} 29. Bc7 {[%emt 0:00:20]} Rc8 {[%emt 0:02:55]} 30. Bb6 {[%emt 0:00:29]} Qc6 {[%emt 0:00:52]} 31. Be3 {[%emt 0:02:36]} Rd8 {[%emt 0:00:56]} 32. Bh1 {[%emt 0:00:35]} Qd6 {[%emt 0:02:27]} 33. Qf5 {[%emt 0:01:57]} Qe5 {[%emt 0:01:53]} 34. Bb6 {[%emt 0:06:52]} Rc8 {[%emt 0:01:25]} 35. Qg4 {[%emt 0:01:17]} Bc5 {[%emt 0:04:22]} 36. Qd7 {[%emt 0:03:21]} Bxb6 {[%emt 0:04:39]} 37. Qxb7 {[%emt 0:00:02]} Rb8 {[%emt 0:00:52]} 38. Qd5+ {[%emt 0:00:55]} Kf8 {[%emt 0:01:35]} 39. f4 {[%emt 0:01:11]} Qxd5 {[%emt 0:03:03]} 40. exd5 {[%emt 0:00:00]} Rd8 {[%emt 0:00:00]} 41. a4 {[%emt 0:09:46]} bxa4 {[%emt 0:03:35]} 42. Re6 {[%emt 0:03:42]} Bd4 {[%emt 0:14:38]} 43. Rc6 {[%emt 0:06:41]} Bxb2 {[%emt 0:00:09]} 44. Rxc4 {[%emt 0:00:51]} a3 {[%emt 0:00:07]} 45. Ra4 {[%emt 0:06:10]} d2 {[%emt 0:00:06]} 46. Be4 {[%emt 0:01:53]} Nc5 {[%emt 0:01:21]} 0-1

[Event "IIFL Wealth 4th Mumbai GM"]
[Site "Mumbai"]
[Date "2018.12.31"]
[Round "2"]
[White "Trisha Kanyamarala"]
[Black "Srija, Seshadri"]
[Result "1-0"]
[WhiteElo "1942"]
[BlackElo "2210"]
[Annotator "NA"]
[PlyCount "59"]
[EventDate "2018.12.30"]
[EventType "swiss"]
[EventCountry "IND"]
[SourceTitle "playchess.com"]
[Source "ChessBase"]
[SourceQuality "1"]
[TimeControl "40/5400+30:1800+30"]

1. d4 {[%emt 0:00:00]} d5 {[%emt 0:00:00]} 2. c4 {[%emt 0:00:00]} e6 {[%emt 0:00:00]} 3. Nf3 {[%emt 0:00:10]} Nf6 {[%emt 0:00:04]} 4. Nc3 {[%emt 0:00:13]} c6 {[%emt 0:00:11]} 5. e3 {[%emt 0:00:10]} Nbd7 {[%emt 0:00:33]} 6. Qc2 {[%emt 0:00:12]} Bd6 {[%emt 0:00:15]} 7. Bd3 {[%emt 0:00:31]} dxc4 {[%emt 0:00:22]} 8. Bxc4 {[%emt 0:00:15]} O-O {[%emt 0:00:25]} 9. O-O {[%emt 0:00:24]} b5 {[%emt 0:00:20]} 10. Be2 {[%emt 0:04:13]} Bb7 {[%emt 0:00:43]} 11. e4 {[%emt 0:00:23]} e5 {[%emt 0:00:20]} 12. dxe5 {[%emt 0:00:17]} Nxe5 {[%emt 0:00:14]} 13. Nh4 {[%emt 0:00:52]} b4 {[%emt 0:16:29]} 14. Nf5 {[%emt 0:02:13]} bxc3 {[%emt 0:07:22]} 15. Rd1 {[%emt 0:00:08]} Ne8 {[%emt 0:00:22]} 16. Qxc3 {[%emt 0:00:09]} Qf6 {[%emt 0:13:22]} 17. f4 {[%emt 0:01:45]} Bc7 {[%emt 0:00:55]} 18. fxe5 {[%emt 0:00:35]} Bxe5 {[%emt 0:00:30]} 19. Qb4 {[%emt 0:00:19]} Nc7 {[%emt 0:05:25]} 20. Qxb7 {[%emt 0:02:31]} Rfb8 {[%emt 0:00:38]} 21. Qxc6 {[%emt 0:01:17]} Ne6 {[%emt 0:04:30]} 22. Be3 {[%emt 0:05:34]} Nf4 {[%emt 0:11:38]} 23. Bxf4 {[%emt 0:02:53]} Bxf4 {[%emt 0:00:13]} 24. Qxf6 {[%emt 0:00:06]} gxf6 {[%emt 0:00:02]} 25. Rab1 {[%emt 0:00:38]} Kf8 {[%emt 0:01:21]} 26. Bc4 {[%emt 0:00:30]} Rc8 {[%emt 0:00:25]} 27. b3 {[%emt 0:00:21]} Rab8 {[%emt 0:00:15]} 28. g3 {[%emt 0:02:25]} Be5 {[%emt 0:00:09]} 29. Rbc1 {[%emt 0:01:11]} Rc7 {[%emt 0:00:32]} 30. Rd3 {[%emt 0:01:18]} 1-0

[Event "IIFL Wealth 4th Mumbai GM"]
[Site "Mumbai"]
[Date "2018.12.31"]
[Round "2"]
[White "Nepal, Prakash"]
[Black "Raghunandan, Kaumandur Srihari"]
[Result "0-1"]
[WhiteElo "1902"]
[BlackElo "2378"]
[Annotator "NA"]
[PlyCount "63"]
[EventDate "2018.12.30"]
[EventType "swiss"]
[EventCountry "IND"]
[SourceTitle "playchess.com"]
[Source "ChessBase"]
[SourceQuality "1"]
[TimeControl "40/5400+30:1800+30"]

1. d4 Nf6 2. c4 g6 3. Nc3 Bg7 4. e4 d6 5. f3 O-O 6. Be3 c5 7. Nge2 Nc6 8. d5 Ne5 9. Ng3 h5 10. Be2 h4 11. Nf1 e6 12. f4 Nxc4 13. Bxc4 b5 14. Bd3 b4 15. Ne2 exd5 {[%emt 0:31:20]} 16. exd5 {[%emt 0:32:27]} Re8 17. Qd2 Nxd5 18. Bb5 Bb7 19. Bxe8 Qxe8 20. Kf2 Nf6 {[%emt 0:41:45]} 21. Kg1 Qc6 22. Neg3 hxg3 23. hxg3 Re8 24. Rh4 Nd5 25. Re1 Nxe3 26. Nxe3 Bd4 27. Rh2 Qe4 28. Kf2 c4 29. Qe2 c3 30. bxc3 bxc3 31. a3 c2 32. Ra1 0-1

[Event "IIFL Wealth 4th Mumbai GM"]
[Site "Mumbai"]
[Date "2018.12.31"]
[Round "2"]
[White "Larmet, Nino"]
[Black "Banerjee, Sushant"]
[Result "0-1"]
[WhiteElo "1835"]
[BlackElo "2198"]
[Annotator "NA"]
[PlyCount "116"]
[EventDate "2018.12.30"]
[EventType "swiss"]
[EventCountry "IND"]
[SourceTitle "playchess.com"]
[Source "ChessBase"]
[SourceQuality "1"]
[TimeControl "40/5400+30:1800+30"]

1. e4 {[%emt 0:00:24]} d5 {[%emt 0:00:00]} 2. exd5 {[%emt 0:00:58]} Nf6 {[%emt 0:00:00]} 3. d4 {[%emt 0:03:21]} Bg4 {[%emt 0:00:10]} 4. Be2 {[%emt 0:01:09]} Bxe2 {[%emt 0:00:25]} 5. Nxe2 {[%emt 0:00:07]} Qxd5 {[%emt 0:00:27]} 6. Nf4 {[%emt 0:03:06]} Qf5 {[%emt 0:09:04]} 7. Qd3 {[%emt 0:02:25]} Qxd3 {[%emt 0:00:12]} 8. Nxd3 {[%emt 0:00:15]} Nc6 {[%emt 0:00:18]} 9. c3 {[%emt 0:00:15]} O-O-O {[%emt 0:02:12]} 10. Bf4 {[%emt 0:01:07]} Nh5 {[%emt 0:02:29]} 11. Bg3 {[%emt 0:04:23]} f6 {[%emt 0:04:05]} 12. f4 {[%emt 0:01:15]} e5 {[%emt 0:14:39]} 13. fxe5 {[%emt 0:03:40]} Nxg3 {[%emt 0:00:15]} 14. hxg3 {[%emt 0:00:06]} fxe5 {[%emt 0:00:32]} 15. Nxe5 {[%emt 0:01:32]} Re8 {[%emt 0:02:57]} 16. Kd1 {[%emt 0:01:24]} Nxe5 {[%emt 0:02:28]} 17. dxe5 {[%emt 0:00:02]} Rxe5 {[%emt 0:01:04]} 18. Nd2 {[%emt 0:00:19]} Bd6 {[%emt 0:01:31]} 19. Nf3 {[%emt 0:05:56]} Rd5+ {[%emt 0:01:01]} 20. Kc2 {[%emt 0:01:17]} Bxg3 {[%emt 0:00:13]} 21. Rad1 {[%emt 0:00:42]} Rxd1 {[%emt 0:00:55]} 22. Rxd1 {[%emt 0:00:10]} Re8 {[%emt 0:02:45]} 23. b3 {[%emt 0:04:41]} Re2+ {[%emt 0:03:23]} 24. Rd2 {[%emt 0:00:05]} Rxd2+ {[%emt 0:00:36]} 25. Kxd2 {[%emt 0:00:24]} Kd7 {[%emt 0:01:49]} 26. Ke3 {[%emt 0:00:51]} Ke6 {[%emt 0:00:54]} 27. Ng5+ {[%emt 0:06:37]} Kf5 {[%emt 0:00:53]} 28. Ne4 {[%emt 0:00:59]} Kg4 29. c4 {[%emt 0:04:30]} Bf4+ {[%emt 0:10:27]} 30. Kf2 {[%emt 0:00:43]} Be5 {[%emt 0:00:56]} 31. g3 {[%emt 0:04:45]} h5 {[%emt 0:06:47]} 32. Kg2 {[%emt 0:02:41]} Bd4 {[%emt 0:00:38]} 33. Nd2 {[%emt 0:04:08]} g5 {[%emt 0:01:49]} 34. Nf3 {[%emt 0:00:48]} Bf6 {[%emt 0:00:31]} 35. Nh2+ {[%emt 0:00:33]} Kf5 {[%emt 0:00:07]} 36. Kf3 {[%emt 0:00:55]} g4+ {[%emt 0:00:30]} 37. Ke3 {[%emt 0:02:34]} c5 {[%emt 0:03:00]} 38. Nf1 {[%emt 0:01:59]} h4 {[%emt 0:03:11]} 39. Ke2 {[%emt 0:05:49]} hxg3 {[%emt 0:05:02]} 40. Ne3+ {[%emt 0:00:00]} Ke4 {[%emt 0:00:00]} 41. Ng2 {[%emt 0:01:39]} Bg5 {[%emt 0:03:03]} 42. Ne1 {[%emt 0:03:20]} Kd4 {[%emt 0:00:20]} 43. Ng2 {[%emt 0:01:47]} Kc3 {[%emt 0:00:35]} 44. Ne1 {[%emt 0:00:35]} b6 {[%emt 0:01:16]} 45. Ng2 {[%emt 0:03:40]} a5 {[%emt 0:05:15]} 46. Ne1 {[%emt 0:00:28]} a4 {[%emt 0:00:15]} 47. Ng2 {[%emt 0:00:38]} Bf6 {[%emt 0:05:08]} 48. Ne3 {[%emt 0:01:24]} Bd4 {[%emt 0:00:20]} 49. Ng2 {[%emt 0:01:00]} Bf2 {[%emt 0:00:39]} 50. Nf4 {[%emt 0:01:07]} Bg1 {[%emt 0:05:22]} 51. Ng2 {[%emt 0:00:45]} axb3 {[%emt 0:02:59]} 52. axb3 {[%emt 0:00:15]} Kxb3 {[%emt 0:00:04]} 53. Kd3 {[%emt 0:00:20]} b5 {[%emt 0:01:47]} 54. cxb5 {[%emt 0:02:07]} c4+ {[%emt 0:00:04]} 55. Ke2 {[%emt 0:11:00]} c3 {[%emt 0:00:23]} 56. Ne1 {[%emt 0:08:11]} g2 {[%emt 0:00:35]} 57. Kd1 {[%emt 0:02:30]} Bc5 {[%emt 0:01:00]} 58. Nxg2 {[%emt 0:00:19]} c2+ 0-1

[Event "IIFL Wealth 4th Mumbai GM"]
[Site "Mumbai"]
[Date "2018.12.31"]
[Round "2"]
[White "Kishor, Shazzad"]
[Black "Phadke Sohan"]
[Result "0-1"]
[WhiteElo "1730"]
[BlackElo "2191"]
[Annotator "NA"]
[PlyCount "110"]
[EventDate "2018.12.30"]
[EventType "swiss"]
[EventCountry "IND"]
[SourceTitle "playchess.com"]
[Source "ChessBase"]
[SourceQuality "1"]
[TimeControl "40/5400+30:1800+30"]

1. g3 {[%emt 0:00:00]} e6 {[%emt 0:00:00]} 2. c4 {[%emt 0:00:00]} f5 {[%emt 0:00:00]} 3. Bg2 {[%emt 0:00:07]} Nf6 {[%emt 0:00:00]} 4. Nf3 {[%emt 0:01:08]} Be7 {[%emt 0:01:20]} 5. Nc3 {[%emt 0:00:06]} d6 {[%emt 0:00:05]} 6. d4 {[%emt 0:00:25]} O-O {[%emt 0:00:06]} 7. O-O {[%emt 0:00:26]} a5 {[%emt 0:00:13]} 8. b3 {[%emt 0:00:45]} Ne4 {[%emt 0:01:06]} 9. Bb2 {[%emt 0:00:31]} Bf6 {[%emt 0:00:24]} 10. e3 {[%emt 0:00:45]} Nc6 {[%emt 0:01:03]} 11. Rc1 {[%emt 0:02:17]} Qe8 {[%emt 0:10:16]} 12. d5 {[%emt 0:08:29]} Nb4 {[%emt 0:01:17]} 13. Nd4 {[%emt 0:09:12]} Nxc3 {[%emt 0:02:35]} 14. Bxc3 {[%emt 0:01:43]} Nxa2 {[%emt 0:00:58]} 15. Rc2 {[%emt 0:00:06]} Nxc3 {[%emt 0:00:09]} 16. Rxc3 {[%emt 0:00:02]} e5 {[%emt 0:02:29]} 17. Nb5 {[%emt 0:00:19]} Bd8 {[%emt 0:21:57]} 18. Rd3 {[%emt 0:02:23]} Bd7 {[%emt 0:02:00]} 19. Nc3 {[%emt 0:00:25]} Bf6 {[%emt 0:02:18]} 20. e4 {[%emt 0:01:47]} f4 {[%emt 0:00:19]} 21. g4 {[%emt 0:02:28]} Qg6 {[%emt 0:04:47]} 22. f3 {[%emt 0:01:30]} h5 {[%emt 0:01:32]} 23. h3 {[%emt 0:00:47]} Bh4 {[%emt 0:00:17]} 24. Nb5 {[%emt 0:01:36]} Bxb5 {[%emt 0:06:39]} 25. cxb5 {[%emt 0:01:38]} Qe8 {[%emt 0:00:05]} 26. gxh5 {[%emt 0:03:25]} Qxb5 {[%emt 0:03:23]} 27. Rc3 {[%emt 0:00:53]} Qb6+ {[%emt 0:16:34]} 28. Kh1 {[%emt 0:00:04]} Bf2 {[%emt 0:00:05]} 29. Qc2 {[%emt 0:03:56]} Bc5 {[%emt 0:01:07]} 30. Rd1 {[%emt 0:00:26]} Qb5 {[%emt 0:00:13]} 31. Bf1 {[%emt 0:01:19]} Qe8 {[%emt 0:00:02]} 32. Qg2 {[%emt 0:00:37]} Qxh5 {[%emt 0:00:46]} 33. Qg4 {[%emt 0:00:07]} Qh6 {[%emt 0:00:25]} 34. Rc2 {[%emt 0:00:21]} Rf6 {[%emt 0:01:18]} 35. Rg2 {[%emt 0:00:26]} Raf8 {[%emt 0:01:56]} 36. Bb5 {[%emt 0:00:39]} Rg6 {[%emt 0:07:07]} 37. Qxg6 {[%emt 0:10:36]} Qxh3+ {[%emt 0:01:49]} 38. Rh2 {[%emt 0:00:24]} Qxf3+ {[%emt 0:00:04]} 39. Rg2 {[%emt 0:00:19]} Qxd1+ {[%emt 0:00:04]} 40. Kh2 {[%emt 0:00:00]} Rf7 {[%emt 0:00:00]} 41. Be8 {[%emt 0:00:38]} Re7 {[%emt 0:00:21]} 42. Bd7 {[%emt 0:08:14]} Rxd7 {[%emt 0:04:24]} 43. Qe8+ {[%emt 0:00:09]} Kh7 {[%emt 0:00:05]} 44. Qxd7 {[%emt 0:00:11]} Qh5+ {[%emt 0:00:05]} 45. Qh3 {[%emt 0:00:11]} Qxh3+ {[%emt 0:03:47]} 46. Kxh3 {[%emt 0:00:02]} f3 {[%emt 0:00:15]} 47. Rh2 {[%emt 0:04:03]} f2 {[%emt 0:00:45]} 48. Kg2+ {[%emt 0:00:06]} Kg6 {[%emt 0:01:26]} 49. Rh8 {[%emt 0:00:15]} Kg5 {[%emt 0:00:05]} 50. Rf8 {[%emt 0:03:28]} b5 {[%emt 0:01:50]} 51. Rf7 {[%emt 0:00:37]} a4 {[%emt 0:00:13]} 52. bxa4 {[%emt 0:00:22]} bxa4 {[%emt 0:00:04]} 53. Rxg7+ {[%emt 0:01:43]} Kf4 {[%emt 0:00:09]} 54. Rxc7 {[%emt 0:00:14]} a3 {[%emt 0:00:03]} 55. Rc6 {[%emt 0:03:56]} Kxe4 {[%emt 0:00:34]} 0-1

[Event "IIFL Wealth 4th Mumbai GM"]
[Site "Mumbai"]
[Date "2018.12.31"]
[Round "2"]
[White "Shah, Ram Surat Prasad"]
[Black "Patil, Pratik"]
[Result "0-1"]
[WhiteElo "1639"]
[BlackElo "2178"]
[Annotator "NA"]
[PlyCount "26"]
[EventDate "2018.12.30"]
[EventType "swiss"]
[EventCountry "IND"]
[SourceTitle "playchess.com"]
[Source "ChessBase"]
[SourceQuality "1"]
[TimeControl "40/5400+30:1800+30"]

1. e4 {[%emt 0:00:00]} c5 {[%emt 0:00:00]} 2. Nf3 {[%emt 0:00:00]} e6 {[%emt 0:00:00]} 3. d4 {[%emt 0:00:04]} cxd4 {[%emt 0:00:00]} 4. Nxd4 {[%emt 0:00:18]} a6 {[%emt 0:00:00]} 5. Bd3 {[%emt 0:01:08]} Bc5 {[%emt 0:00:00]} 6. Be3 {[%emt 0:01:40]} Qb6 {[%emt 0:01:02]} 7. Nf5 {[%emt 0:03:31]} exf5 {[%emt 0:00:18]} 8. Bxc5 {[%emt 0:00:32]} Qxc5 {[%emt 0:00:06]} 9. O-O {[%emt 0:00:24]} fxe4 {[%emt 0:13:18]} 10. Re1 {[%emt 0:03:51]} d5 {[%emt 0:03:41]} 11. Nc3 {[%emt 0:02:30]} Nf6 {[%emt 0:03:34]} 12. Bxe4 {[%emt 0:04:56]} dxe4 {[%emt 0:00:54]} 13. Rxe4+ {[%emt 0:00:36]} Be6 {[%emt 0:00:21]} 0-1

[Event "IIFL Wealth 4th Mumbai GM"]
[Site "Mumbai"]
[Date "2018.12.31"]
[Round "2"]
[White "Dhungel, Uttam"]
[Black "Thrish Karthik"]
[Result "0-1"]
[WhiteElo "1587"]
[BlackElo "2168"]
[Annotator "NA"]
[PlyCount "185"]
[EventDate "2018.12.30"]
[EventType "swiss"]
[EventCountry "IND"]
[SourceTitle "playchess.com"]
[Source "ChessBase"]
[SourceQuality "1"]
[TimeControl "40/5400+30:1800+30"]

1. d4 d5 2. c4 dxc4 3. Nc3 c6 4. e3 e5 5. Bxc4 exd4 6. exd4 Nf6 7. Nf3 Bd6 8. O-O O-O 9. Bg5 h6 10. Bh4 Bf5 11. Re1 Nbd7 12. d5 $146 {D20: Queen's Gambit Accepted: 3 e3 and 3 e4} ({Predecessor:} 12. Ne5 Qc7 13. Nxd7 Nxd7 14. Qh5 Nb6 15. Bb3 Bh7 16. Ne4 Be7 17. Bg3 Qd8 18. Nc5 Bf6 19. Rad1 Nd5 20. Nxb7 {1-0 (30) Bergez,L (2368)-Almeida Toledano,D (2295) Catalunya 2014}) 12... Nb6 13. Bb3 cxd5 14. Nd4 Bg6 15. Qf3 Bb4 16. Re3 Bxc3 17. Rxc3 Be4 18. Bxf6 Qxf6 19. Qxf6 gxf6 20. Rac1 Rfd8 21. Rc7 Rab8 22. f3 Bd3 23. Re1 Re8 24. Rxe8+ Rxe8 25. Rxb7 Re1+ 26. Kf2 Rb1 27. Ke3 Bg6 28. Rxa7 Rxb2 29. g3 Rxh2 30. a4 Nc4+ 31. Kf4 Rd2 32. Nf5 Bxf5 33. Kxf5 Rd3 34. Bxc4 dxc4 35. Ke4 Ra3 36. g4 c3 37. f4 c2 38. Rc7 Rxa4+ 39. Kf5 Ra5+ 40. Ke4 Ra2 41. Rc8+ Kg7 42. f5 Ra4+ 43. Kf3 Ra3+ 44. Kf4 Ra2 45. Kf3 Rb2 46. Kf4 Ra2 47. Kf3 h5 48. gxh5 Kh6 49. Kg4 Ra4+ 50. Kf3 Kxh5 51. Rxc2 Kg5 52. Rc7 Kxf5 53. Rxf7 Ra3+ 54. Kf2 Kg5 55. Rb7 f5 56. Rb4 Ra2+ 57. Kf3 Ra1 58. Kf2 Ra3 59. Kg2 Re3 60. Kf2 Re5 61. Ra4 f4 62. Ra3 Rb5 63. Kf3 Rc5 64. Rb3 Re5 65. Ra3 Rc5 66. Rb3 Ra5 67. Rc3 Kf5 68. Rb3 Ke5 69. Rd3 Ra1 70. Rb3 Rf1+ 71. Ke2 Rh1 72. Rb4 Kf5 73. Kf3 Rh3+ 74. Kf2 Ra3 75. Rc4 Kg4 76. Rc8 Ra2+ 77. Kf1 Kg3 78. Rg8+ Kf3 79. Kg1 Ra1+ 80. Kh2 Kf2 81. Rg2+ Ke3 82. Rb2 Re1 83. Rb3+ Kf2 84. Ra3 f3 85. Ra2+ Re2 86. Ra1 Re3 87. Ra2+ Kf1 88. Ra1+ Re1 89. Ra8 f2 90. Ra7 $11 Ke2 91. Ra2+ Kf1 $2 (91... Ke3 {mates} 92. Ra3+ Kd4 93. Ra4+ Kc3 (93... Kc5 94. Ra5+ Kb6 95. Ra3 f1=Q 96. Kg3 Qg1+ 97. Kf3 Rf1+ 98. Ke2 Qf2+ 99. Kd3 Qf3+ 100. Kd4 Qxa3 101. Ke5 Qe3+ 102. Kd5 Rd1+ 103. Kc4 Rd4#) 94. Ra3+ Kb4 95. Rf3) 92. Ra1 $2 {Re3 Ra2 Re2} Rxa1 {Re1 Ra2 Rd1} 93. Kg3 {Rd3+ Kh2} 0-1

[Event "IIFL Wealth 4th Mumbai GM"]
[Site "Mumbai"]
[Date "2018.12.31"]
[Round "2"]
[White "Ahsan, Ali Jewel"]
[Black "Ghelani Dhairya"]
[Result "0-1"]
[WhiteElo "1363"]
[BlackElo "2146"]
[Annotator "NA"]
[PlyCount "38"]
[EventDate "2018.12.30"]
[EventType "swiss"]
[EventCountry "IND"]
[SourceTitle "playchess.com"]
[Source "ChessBase"]
[SourceQuality "1"]
[TimeControl "40/5400+30:1800+30"]

1. d4 {[%emt 0:00:00]} Nf6 {[%emt 0:00:00]} 2. c4 e6 {[%emt 0:00:00]} 3. Nf3 {[%emt 0:00:00]} b6 {[%emt 0:00:00]} 4. Bg5 {[%emt 0:00:29]} Bb7 {[%emt 0:00:00]} 5. e3 {[%emt 0:00:24]} Be7 {[%emt 0:00:00]} 6. Bd3 {[%emt 0:00:46]} O-O {[%emt 0:01:01]} 7. O-O {[%emt 0:01:40]} d5 {[%emt 0:01:56]} 8. Re1 {[%emt 0:00:57]} Nbd7 {[%emt 0:00:38]} 9. Nc3 {[%emt 0:01:21]} c5 {[%emt 0:04:33]} 10. cxd5 {[%emt 0:02:23]} Nxd5 {[%emt 0:01:13]} 11. Bxe7 {[%emt 0:01:08]} Qxe7 {[%emt 0:00:02]} 12. Ne4 {[%emt 0:02:15]} cxd4 {[%emt 0:02:48]} 13. Nxd4 {[%emt 0:01:18]} Rfd8 {[%emt 0:00:25]} 14. Nb5 {[%emt 0:02:37]} Ne5 {[%emt 0:03:41]} 15. Nec3 {[%emt 0:11:38]} Nxc3 {[%emt 0:01:12]} 16. Bxh7+ {[%emt 0:06:07]} Kxh7 {[%emt 0:00:14]} 17. Qc2+ {[%emt 0:00:48]} Ne4 {[%emt 0:00:30]} 18. f3 {[%emt 0:03:05]} Rd2 {[%emt 0:00:10]} 19. Qb1 {[%emt 0:01:45]} Nxf3+ {[%emt 0:00:02]} 0-1

[Event "IIFL Wealth 4th Mumbai GM"]
[Site "Mumbai"]
[Date "2018.12.31"]
[Round "2"]
[White "Kafle, Binod"]
[Black "Rakshitta Ravi"]
[Result "0-1"]
[WhiteElo "1191"]
[BlackElo "2141"]
[Annotator "NA"]
[PlyCount "70"]
[EventDate "2018.12.30"]
[EventType "swiss"]
[EventCountry "IND"]
[SourceTitle "playchess.com"]
[Source "ChessBase"]
[SourceQuality "1"]
[TimeControl "40/5400+30:1800+30"]

1. e4 {[%emt 0:00:00]} e5 {[%emt 0:00:14]} 2. Nf3 {[%emt 0:00:00]} Nc6 {[%emt 0:00:02]} 3. Bc4 {[%emt 0:00:47]} Bc5 {[%emt 0:00:06]} 4. d3 {[%emt 0:00:39]} Nf6 {[%emt 0:00:08]} 5. Bg5 {[%emt 0:01:36]} h6 {[%emt 0:00:27]} 6. Bxf6 {[%emt 0:01:00]} Qxf6 {[%emt 0:00:08]} 7. Nc3 {[%emt 0:00:39]} d6 {[%emt 0:00:18]} 8. Nd5 {[%emt 0:01:43]} Qd8 {[%emt 0:00:02]} 9. h3 {[%emt 0:01:05]} Ne7 {[%emt 0:01:42]} 10. O-O {[%emt 0:05:32]} Nxd5 {[%emt 0:00:12]} 11. Bxd5 {[%emt 0:00:41]} a5 {[%emt 0:00:34]} 12. c3 {[%emt 0:02:48]} Bb6 {[%emt 0:02:10]} 13. d4 {[%emt 0:03:01]} Qe7 {[%emt 0:01:31]} 14. dxe5 {[%emt 0:03:34]} dxe5 {[%emt 0:00:01]} 15. Nd2 {[%emt 0:01:48]} O-O {[%emt 0:01:07]} 16. Qb3 {[%emt 0:05:25]} Qg5 {[%emt 0:02:26]} 17. Nf3 {[%emt 0:02:12]} Qf6 {[%emt 0:00:05]} 18. Rad1 {[%emt 0:04:24]} Bxh3 {[%emt 0:02:51]} 19. gxh3 {[%emt 0:03:56]} Qxf3 {[%emt 0:00:07]} 20. c4 {[%emt 0:01:50]} Qxb3 {[%emt 0:00:31]} 21. axb3 {[%emt 0:00:01]} c6 {[%emt 0:00:01]} 22. c5 {[%emt 0:01:11]} Bxc5 {[%emt 0:01:46]} 23. Bc4 {[%emt 0:00:01]} Bd4 {[%emt 0:00:09]} 24. Rd2 {[%emt 0:01:49]} Rfd8 {[%emt 0:00:05]} 25. Rc2 {[%emt 0:01:29]} Rd6 {[%emt 0:00:40]} 26. Kh1 {[%emt 0:00:55]} Rad8 {[%emt 0:03:37]} 27. f4 {[%emt 0:00:48]} exf4 {[%emt 0:04:12]} 28. Rxf4 {[%emt 0:00:48]} Rf6 {[%emt 0:00:02]} 29. Rxf6 {[%emt 0:04:07]} Bxf6 {[%emt 0:00:03]} 30. Rf2 {[%emt 0:00:48]} b5 {[%emt 0:00:12]} 31. e5 {[%emt 0:01:09]} Rd1+ {[%emt 0:01:01]} 32. Kg2 {[%emt 0:00:36]} bxc4 {[%emt 0:00:02]} 33. exf6 {[%emt 0:00:38]} cxb3 {[%emt 0:00:02]} 34. Kg3 {[%emt 0:03:23]} a4 {[%emt 0:00:47]} 35. fxg7 {[%emt 0:01:38]} Rc1 {[%emt 0:00:09]} 0-1